• 首页
  • 本馆介绍
  • 公告通知
  • 最新文献
  • 馆藏检索
  • 电子资源
  • 读者导购
  • 参考咨询
  • 我的图书馆
  • 登录
  • 详细信息显示
  • 放入我的书架
  • 预约/预借图书
  • 作者相关作品
  • 分类相关作品
  • 丛书相关作品
  • 出版社相关作品

书目信息

  • 表格格式
  • 工作单格式
  • 卡片格式
题名:
数字信号处理
    
 
作者: 丁玉美 , 高西全 编著
分册:  
出版信息: 西安   西安电子科技大学出版社  1994
页数: 318页
开本: 26cm
丛书名:
单 册:
中图分类: TN911.72
科图分类: 73.412
主题词: 数字信号-信息处理--高等学校--教材 , 信息处理-数字信号--高等学校--教材
电子资源:
ISBN: 7-5606-0922-8
000 00829nam0 2200277 45
001 0194042431
005 20070804180313.54
010    @a7-5606-0922-8@dCNY21.00
100    @a19940811d1994 em y0chiy0121 ea
101 0  @achi
102    @aCN@b610000
105    @ay z 000yy
200 10 @a数字信号处理@ASHU ZI XIN HAO CHU LI@f丁玉美,高西全编著@Fding yu mei,gao xi quan bian zhu
205    @a2版
210    @a西安@c西安电子科技大学出版社@d1994
215    @a318页@d26cm
300    @a高等学校工科电子类教材
540 1  @a信号@AXIN HAO
606    @a数字信号-信息处理@x高等学校@x教材
606    @a信息处理-数字信号@x高等学校@x教材
690    @aTN911.72@v3
692    @a73.412
701  0 @a丁玉美@Ading yu mei@4编著
701  0 @a高西全@Agao xi quan@4编著
801  0 @aCN@bTSSF@c20070804
905    @a10447@dTN911.72@e107
    
    数字信号处理/丁玉美,高西全编著.-2版.-西安:西安电子科技大学出版社,1994
    318页;26cm
    高等学校工科电子类教材
    
    ISBN 7-5606-0922-8:CNY21.00
    
●
相关链接 在E读中查询图书 在五车中查询图书 在当当中查询图书 在豆瓣中查询图书


正题名:数字信号处理     索取号:TN911.72/107         预约/预借

序号 登录号 条形码 馆藏地/架位号 状态 备注
1 0791516   207915167   第二样本阅览室/ [索取号:TN911.72/107] 在馆    
唐山师范学院图书馆 欢迎您!
大连网信软件有限公司© 版权所有